Biblioteca ESET

Severino Di Giovanni (Registro nro. 464)

Detalles MARC
000 -CABECERA
fixed length control field 00548nam a2200205Ia 4500
003 - CONTROL NUMBER IDENTIFIER
control field AR-BeUNQ
005 - FECHA Y HORA DE LA ULTIMA TRANSACCION
control field 20240430120432.0
008 - ELEMENTOS DE LONGITUD FIJA-INFORMACION GENERAL
fixed length control field 221202s9999 xx 000 0 und d
020 ## - NUMERO INTERNACIONAL NORMALIZADO PARA LIBROS
Número Internacional Normalizado del libro 950742931
040 ## - FUENTE DE CATALOGACION
Agencia de catalogación original AR-BeUNQ
Idioma de catalogación ESPAÑOL
Convenciones de la descripción aacr
Agencia que realiza la transcripción AR-BeUNQ
100 ## - ASIENTO PRINCIPAL-NOMBRE PERSONAL
Nombre personal Bayer, Osvaldo
245 #0 - MENCION DE TITULO
Título Severino Di Giovanni
250 ## - MENCION DE EDICION
Mención de edición 1a ed.
260 ## - PUBLICACION, DISTRIBUCION, ETC.
Lugar de publicación, distribución, etc. Buenos Aires
Nombre del editor, distribuidor, etc. Planeta
Fecha de publicación, distribución, etc 1998
300 ## - DESCRIPCION FISICA
Extensión 394 p. ;
Dimensiones 15 x 22 cm
500 ## - NOTA GENERAL
Nota general Contiene notas
546 ## - NOTA DE IDIOMA
Nota de idioma Español
929 ## - DATOS DE ADQUISICION
Proveedor Biblioteca. Bequi
Fecha de recibido 2019
Procedencia DONACION
Patrimonio UNQ PAT0081503
Número de inventario 59792
942 ## - ELEMENTOS DE PUNTO DE ACCESO ADICIONAL (KOHA)
Tipo de ítem Koha Libros
Suppress in OPAC 0
Existencias
Estado de retiro Estado de pérdida Fecha de ingreso Total Checkouts Signatura topográfica completa Inventario Date last seen Tipo de ítem Koha
    02/12/2022   982 BAY 59792 02/12/2022 Libros

ESET UNQ

☏ 4365-7188
 Avenida República de Francia 1714 entre Doctor Kenny y Concordia, Ezpeleta, Bs As.
✉ secretaria_eset@unq.edu.ar

Con tecnología Koha